MESTSKÁ KNIŽNICA GIRALTOVCE  - online katalóg 

13 vecí, ktoré psychicky silní rodičia nerobia (Record no. 22841)

000 -NÁVESTIE
fixed length control field 01178nam a2200265 4500
001 - EVIDENČNÉ ČÍSLO ZÁZNAMU - Kontrolné číslo
control field vtls011891631
005 - DÁTUM A ČAS POSLEDNEJ TRANSAKCIE
control field 20200129125319.0
008 - ÚDAJE S PEVNOU DĹŽKOU – VŠEOBECNÉ INFORMÁCIE
fixed length control field 191004s2019 xo f n 000 0 slo c
020 ## - MEDZINÁRODNÉ ŠTANDARDNÉ ČÍSLO KNIHY (ISBN)
Medzinárodné štandardné číslo knihy (ISBN) 9788081093746
Qualifying information (brožované)
040 ## - ZDROJ KATALOGIZÁCIE
Pôvodná katalogizujúca agentúra PPPK
Jazyk katalogizácie slo
Prepisujúca agentúra PPPK
Konvencie popisu rda
041 1# - KÓD JAZYKA
Kód jazyka textu/zvukovej stopy alebo samostatných nápisov slo
Kód jazyka originálu a/alebo sprostredkujúcich prekladov textu eng
044 ## - KÓD KRAJINY VYDAVATEĽA/PRODUCENTA
Kód krajiny MARC xo
Kód krajiny ISO SK
100 1# - OSOBNÉ MENÁ – VŠEOBECNÉ INFORMÁCIE
Osobné meno Morin, Amy
Kód roly aut
-- 1588
240 10 - UNIFIKOVANÝ NÁZOV
Unifikovaný názov 13 things mentaly strong parents don’t do
Jazyk diela Slovensky
245 10 - NÁZOV
Názov 13 vecí, ktoré psychicky silní rodičia nerobia
Zvyšok názvu ako vychovať sebaisté, vyrovnané deti a nastaviť ich myslenie na šťastný, zmysluplný a úspešný život
Údaj o zodpovednosti atď. Amy Morin ; z anglického originálu Amy Morin - 13 things mentaly strong parents don’t do ... preložila Marianna Secci
246 30 - INÁ FORMA NÁZVU
Hlavný názov/skrátený názov Trinásť vecí, ktoré psychicky silní rodičia nerobia
246 30 - INÁ FORMA NÁZVU
Hlavný názov/skrátený názov Ako vychovať sebaisté, vyrovnané deti a nastaviť ich myslenie na šťastný, zmysluplný a úspešný život
264 #1 - VYDAVATEĽSKÉ ÚDAJE, DISTRIBÚCIA ATĎ. - RDA
Miesto publikovania, distribúcie atď. Bratislava
Názov vydavateľa, distibútora atď. Eastone Books
Dátum publikovania, distribúcie atď. 2019
300 ## - FYZICKÝ POPIS
Rozsah 322 strán
Rozmery 21 cm
336 ## - TYP OBSAHU
Typ obsahu - termín text
Typ obsahu - kód txt
Zdroj rdacontent
337 ## - TYP MÉDIA
Typ média - termín bez média
Typ média - kód n
Zdroj rdamedia
338 ## - TYP NOSIČA
Typ nosiča - termín zväzok
Typ nosiča - kód nc
Zdroj rdacarrier
490 1# - EDÍCIA
Edícia Open Mind
700 1# - PRIDANÝ VSTUP – OSOBNÉ MENO
Osobné meno Secci, Mariana
Kód roly trl
-- 1589
Holdings
Stav stiahnutia (Blokovanie) (Withrawn status) Stav straty Zdroj klasifikácie pre skladovanie Stav poškodenia (Damaged status) Nie pre výpožičky (Not for loan) Spôsob nadobudnutia (Collection code) Trvalé umiestnenie Aktuálne umiestnenie Dátum nadobudnutia Inventárne číslo (prírastkové číslo) Celkom výpožičky Full call number Čiarový kód Vypožičaných Dátum posledného výskytu Dátum poslednej výpôžičky Cena s účinnosťou od Typ jednotky Koha
          Kúpa Mestská knižnica Giraltovce Mestská knižnica Giraltovce 2020-01-29 21192 2 I1842 I1842 2026-05-22 2026-04-22 2026-04-22 2020-01-29 Odborná literatúra pre dospelých

Powered by Koha